000 00725nam a2200253Ia 4500
003 OSt
005 20220918202528.0
006 a|||||r|||| 00| 0
007 ta
008 220917b |||||||| |||| 00| 0 eng d
024 _a101,926
037 _cTextual
040 _aARTS
_cARTS
_beng
041 _2eng
_aeng
082 _aV25.C, L4
100 _aLahiri Bela
_9104215
245 0 _aIndigenous states of Northern India
_b Girca 200 B C to 320 A D
260 _aCalcutta
_bUniversity of Calcutta
_c1974
300 _axvi, 398p. VI plates
_ccm.
500 _aAppendix p323--328; Bibliography p332--354
650 _aHISTORY
942 _hV25.C, L4
_cTEXL
_2CC
999 _c225386
_d225386